| 000 | 00880nas a2200265 4500 | ||
|---|---|---|---|
| 001 | BR9509397 | ||
| 003 | BR-BrBNA | ||
| 005 | 20231205095526.0 | ||
| 007 | ta | ||
| 008 | 230509b bl.|||p| |||| 00| 00por d | ||
| 040 |
_aBR-BrBNA _bpor _cBiblioteca Nacional de Agricultura |
||
| 041 | _a(Pt) | ||
| 072 | _aL20 | ||
| 100 | 1 | _aMorato, E.F. | |
| 245 | 1 | _aAbundancia e riqueza de machos de Euglossini ((Hymenoptera: Apidae)em mata de terra firme e areas de derrubada, nas vizinhancas de Manaus (Brasil) | |
| 650 | _aAbelha | ||
| 650 | _aFloresta Tropical | ||
| 650 | _aDesmatamento | ||
| 650 | _aPolinizacao | ||
| 650 | _aEcologia Animal | ||
| 650 | _aAmazonas | ||
| 773 | 0 |
_tBoletim do Museu Paraense Emilio Goeldi. Serie Zoologia (Brazil) _xISSN 0077-2232 _g(Jul 1994), v. 10(1) p. 95-105 _wBR9509397 |
|
| 909 |
_a202311 _bLúcia _c55 _dLúcia Elande |
||
| 942 |
_2AGRIS _n0 _cANA |
||
| 999 |
_c151212 _d151212 |
||